000 00582nam a2200229Ia 4500
003 OSt
005 20221005115148.0
006 a|||||r|||| 00| 0
007 ta
008 221004b |||||||| |||| 00| 0 san d
024 _a65365
037 _cTextual
040 _aCRL
_cCRL
_bsan
041 _2san
_asan
082 _aLA:4:6x8:1, 15E3.2
100 _aBhatt Trimall Au.
_9627214
245 0 _aBrthatyisa tarahgini
260 _c1913
650 _aMEDICINE
942 _hLA:4:6x8:1, 15E3.2
_cTEXL
_2cc
999 _c1033615
_d1033615